| 000 | 00840cam a22002651 4500 | ||
|---|---|---|---|
| 001 | 6098006 | ||
| 003 | OSt | ||
| 005 | 20170105101210.0 | ||
| 008 | 810920s1962 xx a 000 0 eng | ||
| 010 | _a 62016908 | ||
| 035 | _a(OCoLC)14621440 | ||
| 040 |
_aDLC _cDNLM _dOClU _dDLC |
||
| 042 | _apremarc | ||
| 050 | 0 | 0 |
_aRC467 _b.S86 |
| 060 | 0 |
_aWM 100 _bS957c 1962 |
|
| 100 | 1 | _aSundberg, Norman D. | |
| 245 | 1 | 0 |
_aClinical psychology; an introduction to research and practice _c[by] Norman D. Sundberg [and] Leona E. Tyler. |
| 260 |
_aNew York, _bAppleton-Century-Crofts _c[c1962] |
||
| 300 |
_axviii, 564 p. _bill. |
||
| 490 | 0 | _aCentury psychology series | |
| 650 | 0 | _aClinical psychology | |
| 700 | 1 |
_aTyler, Leona E. _q(Leona Elizabeth), _d1906-1993. |
|
| 906 |
_a7 _bcbc _coclcrpl _du _encip _f19 _gy-gencatlg |
||
| 942 |
_2ddc _cBK |
||
| 999 |
_c3168 _d3168 |
||